| 000 | 005370000a22001810004500 | ||
|---|---|---|---|
| 003 | MACL | ||
| 005 | 20160401121814.0 | ||
| 008 | 160401b xxu||||| |||| 00| 0 eng d | ||
| 040 |
_aMACL _cMACL |
||
| 041 | _aHindi | ||
| 082 | _a398 | ||
| 100 |
_aरमणिका गुप्ता _948290 |
||
| 245 |
_aआदिवासी लोक _bलोक संस्कृति |
||
| 260 |
_bअंश प्रकाशन _c2007 _aदिल्ली |
||
| 350 | _a250 | ||
| 650 |
_aFolklore _949539 |
||
| 942 |
_cHIN _k398/GUP _2ddc |
||
| 999 |
_c41445 _d41445 |
||